50 Maiores Países por Poder Militar - Statistics

Estatísticas Gerais
  • Esse quiz foi jogado 289 vezes
  • A pontuação média é 41 de 50
Estatísticas das Respostas
Hint Resposta % Correto
1 Estados Unidos
99%
12 Brasil
98%
3 China
98%
9 França
98%
2 Rússia
98%
4 Índia
97%
28 Argentina
95%
10 Itália
95%
5 Reino Unido
95%
25 Alemanha
94%
16 Austrália
94%
27 Canadá
94%
34 Coreia do Norte
94%
21 Espanha
94%
17 Irã
94%
8 Japão
94%
18 Israel
93%
31 México
93%
6 Coreia do Sul
92%
14 Egito
91%
15 Ucrânia
91%
33 África do Sul
90%
7 Paquistão
90%
41 Portugal
90%
22 Arábia Saudita
89%
43 Colômbia
89%
20 Polônia
88%
13 Indonésia
87%
37 Suécia
87%
45 Iraque
84%
11 Turquia
83%
35 Noruega
82%
46 Chile
81%
30 Grécia
79%
19 Vietnã
79%
39 Países Baixos
77%
44 Suíça
77%
24 Tailândia
76%
36 Nigéria
74%
26 Argélia
73%
50 Dinamarca
73%
32 Filipinas
66%
23 Taiwan
63%
42 Malásia
62%
47 Romênia
61%
40 Bangladesh
56%
49 Etiópia
53%
48 República Checa
48%
38 Myanmar
44%
29 Singapura
40%
Nenhum quiz correspondente encontrado
Distribuição das Pontuações
Porcentagem de Pessoas com Cada Pontuação
Percentil de Números Respondidos
Sua Pontuação Histórica
Você não jogou esse quiz